MARC details
| 000 -LEADER |
| fixed length control field |
03148ngm a2200445 a 4500 |
| 001 - CONTROL NUMBER |
| control field |
vtls003217010 |
| 003 - CONTROL NUMBER IDENTIFIER |
| control field |
MY-SjTCS |
| 005 - DATE AND TIME OF LATEST TRANSACTION |
| control field |
20200226114706.0 |
| 007 - PHYSICAL DESCRIPTION FIXED FIELD--GENERAL INFORMATION |
| fixed length control field |
vd cvacrs |
| 008 - FIXED-LENGTH DATA ELEMENTS--GENERAL INFORMATION |
| fixed length control field |
110510q2003 cau411 |00 vaeng d |
| 039 #9 - LEVEL OF BIBLIOGRAPHIC CONTROL AND CODING DETAIL [OBSOLETE] |
| Level of rules in bibliographic description |
201206141442 |
| Level of effort used to assign nonsubject heading access points |
stazrina |
| Level of effort used to assign subject headings |
201106231415 |
| Level of effort used to assign classification |
wilmina |
| Level of effort used to assign subject headings |
201106231415 |
| Level of effort used to assign classification |
wilmina |
| Level of effort used to assign subject headings |
201106231350 |
| Level of effort used to assign classification |
wilmina |
| -- |
201105101509 |
| -- |
malathy |
| 041 0# - LANGUAGE CODE |
| Language code of text/sound track or separate title |
eng |
| -- |
fre |
| Language code of subtitles |
eng |
| -- |
fre |
| -- |
spa |
| 082 04 - DEWEY DECIMAL CLASSIFICATION NUMBER |
| Classification number |
791.4572 |
| Item number |
LOO 2003 |
| 245 00 - TITLE STATEMENT |
| Title |
Looney tunes golden collection. |
| Number of part/section of a work |
[Volume 1] / |
| Medium |
[videorecording] / |
| Statement of responsibility, etc. |
Cartoon Network Productions ; Warner Bros. Entertainment. |
| 246 30 - VARYING FORM OF TITLE |
| Title proper/short title |
Looney tunes golden collection. Volume one |
| 260 ## - PUBLICATION, DISTRIBUTION, ETC. |
| Place of publication, distribution, etc. |
Burbank, CA : |
| Name of publisher, distributor, etc. |
Warner Home Video, |
| Date of publication, distribution, etc. |
[c2003?]. |
| 300 ## - PHYSICAL DESCRIPTION |
| Extent |
4 videodisc (411 min.) : |
| Other physical details |
sd., col. ; |
| Dimensions |
4 3/4 in. |
| 500 ## - GENERAL NOTE |
| General note |
Features: audio commentaries, documentaries, featurettes, introductions. |
| 505 0# - FORMATTED CONTENTS NOTE |
| Formatted contents note |
[pt. 1.] disc 1. Best of Bugs Bunny: Baseball Bugs ; Rabbit seasoning ; Long-haired hare ; High diving hare ; Bully for Bugs ; What's up doc? ; Rabbit's kin ; Water, water every hare ; Big house bunny ; Big top bunny ; My bunny lies over the sea ; Wabbit twouble ; Ballot box bunny ; Rabbit of Seville -- [pt. 2.] disc 2. Best of Daffy and Porky: Duck amuck ; Dough for the do-do ; Drip-along Daffy ; Scaredy cat ; Ducksters ; Scarlet Pumpernickel ; Yankee doodle Daffy ; Porky chops ; Wearing of the grin ; Deduce, you say ; Boobs in the woods ; Golden yeggs ; Rabbit fire ; Duck Dodgers in the 24 1/2th century -- [pt. 3.] disc 3. Looney Tunes all stars : Elmer's candid camera ; Bugs Bunny and the Three Bears ; Fast and furry-ous; Hair-raising hare ; Awful orphan ; Haredevil hare ; For scent-imental reasons ; Frigid hare; Hypo-chondri-cat ; Baton bunny ; Feed the kitty ; Don't give up the sheep ; Bugs bunny gets the boid ; Tortoise wins by a hare -- [pt. 4.] disc 4. Canary row ; Bunker hill bunny ; Kit for cat ; Putty tat trouble ; Bugs and thugs ; Canned feud ; Lumber jerks ; Speedy Gonzales; Tweety's S.O.S. ; Foghorn Leghorn ; Daffy Duck hunt; Early to bet ; Broken leghorn ; Devil may hare. |
| 508 ## - CREATION/PRODUCTION CREDITS NOTE |
| Creation/production credits note |
Animators, Phil Monroe ... [et al.] ; musical direction, Carl Stalling. |
| 511 ## - PARTICIPANT OR PERFORMER NOTE |
| Participant or performer note |
Voices: Mel Blanc and others. |
| 520 ## - SUMMARY, ETC. |
| Summary, etc. |
A collection of well known Warner Bros. cartoons. |
| 538 ## - SYSTEM DETAILS NOTE |
| System details note |
DVD format; Dolby digital mono; standard version. |
| 546 ## - LANGUAGE NOTE |
| Language note |
In English or French with optional English, French, or Spanish subtitles. |
| 546 ## - LANGUAGE NOTE |
| Language note |
Closed-captioned. |
| 650 #0 - SUBJECT ADDED ENTRY--TOPICAL TERM |
| Topical term or geographic name entry element |
Bugs Bunny (Fictitious character) |
| Form subdivision |
Juvenile drama. |
| 650 #0 - SUBJECT ADDED ENTRY--TOPICAL TERM |
| Topical term or geographic name entry element |
Porky Pig (Fictitious character) |
| Form subdivision |
Juvenile drama. |
| 650 #0 - SUBJECT ADDED ENTRY--TOPICAL TERM |
| Topical term or geographic name entry element |
Daffy Duck (Fictitious character) |
| Form subdivision |
Juvenile drama. |
| 650 #0 - SUBJECT ADDED ENTRY--TOPICAL TERM |
| Topical term or geographic name entry element |
Tweety Pie (Fictitious character) |
| Form subdivision |
Juvenile drama. |
| 650 #0 - SUBJECT ADDED ENTRY--TOPICAL TERM |
| Topical term or geographic name entry element |
Sylvester (Fictitious character) |
| Form subdivision |
Juvenile drama. |
| 650 #0 - SUBJECT ADDED ENTRY--TOPICAL TERM |
| Topical term or geographic name entry element |
Animated films. |
| 650 #0 - SUBJECT ADDED ENTRY--TOPICAL TERM |
| Topical term or geographic name entry element |
Short films. |
| 650 #0 - SUBJECT ADDED ENTRY--TOPICAL TERM |
| Topical term or geographic name entry element |
Films for the hearing impaired. |
| 9 (RLIN) |
25726 |
| 700 1# - ADDED ENTRY--PERSONAL NAME |
| Personal name |
Blanc, Mel. |
| 9 (RLIN) |
53178 |
| 700 1# - ADDED ENTRY--PERSONAL NAME |
| Personal name |
Stalling, Carl W. |
| 9 (RLIN) |
53179 |
| 710 2# - ADDED ENTRY--CORPORATE NAME |
| Corporate name or jurisdiction name as entry element |
Warner Bros. Entertainment. |
| 9 (RLIN) |
29942 |
| 710 2# - ADDED ENTRY--CORPORATE NAME |
| Corporate name or jurisdiction name as entry element |
Warner Home Video (Firm) |
| 9 (RLIN) |
13225 |
| 710 2# - ADDED ENTRY--CORPORATE NAME |
| Corporate name or jurisdiction name as entry element |
Cartoon Network (Television network) |
| 920 ## - Programme |
| Programme |
ADTP : 162902 |